000 00438nam a2200181Ia 4500
001 4091
005 20260306145730.0
008 260306t2005||||xx |||||||||||||| ||spa||
041 _aESP
082 _a306.85
_bH12 Nº 59
100 _aAguiló, Alfonso
_eAUT
245 0 _a25 cuestiones actuales en torno a la fe
260 _c2005
300 _a282 páginas :
_c19 cm.
650 _aGEN
654 _aCHU
942 _cLIB
_dJUS
_fJUS
_2ddc
_n
999 _c4091
_d4091